Statistics for Do you really know: Russia?

Click here to take the quiz!

General Stats

  • This quiz has been taken 13 times
  • The average score is 6 of 20

Answer Stats

HintAnswer% Correct
Putin's hometown as named at the time of birth?Leningrad
85%
Catherine the Great was born in which modern day country?Poland
69%
How large % of Russians have foreign language knowledge?13-15%
62%
Fairy tale character, usually the youngest son and lucky in the end. Called ____ the Fool.Ivan
54%
Record high temperature in degrees Celsius?45.4
46%
Second most common last name in Russia?Ivanov
46%
According to official government statistics from Rosstat, corruption in Russia is at which %?15
38%
The most frequently encountered character in Russian fairy tales is? (hint: witch)Baba Yaga
38%
What was the biggest number/banknote in the first Soviet ruble?10 million
31%
Record low temperature in degrees Celsius?71.2
31%
Name the only autonomous oblast in Russia?Jewish
31%
Russia has 3 federal cities. Moscow, St Pete's and...?Sevastopol
31%
Name the most popular Russian beer?Baltika 3
23%
Name any of the top 5 Finno-Ugric people in Russia not having their own nation?Mordvins, Udmurts, Maris, Komis, Samis
23%
Which university is ranked the best in Russia?Lomonosov Moscow State University
8%
Most common last name in Russia?Smirnov
8%
Most known foreign languages are English, German and French. How about the 4th one?Turkish
8%
Putin's nickname?Vova
8%
Russians have visa-free or visa on entry arrival to how many of countries?118
0%
The famous Russian cabbage soup is called щи or?Shchi
0%

Score Distribution

Percentile by Number Answered

Percent of People with Each Score

Your Score History

You have not taken this quiz